| 000 | 00609nam a22002057a 4500 | ||
|---|---|---|---|
| 003 | OSt | ||
| 005 | 20140310182323.0 | ||
| 008 | 130920t xxu||||| |||| 00| 0 eng d | ||
| 020 | _a9812259864 | ||
| 050 |
_aPE 1128 _b.L732le6 2002 |
||
| 082 |
_aGS 428 _bT15-p6 2002 |
||
| 100 |
_aIsrael, Lana _921185 |
||
| 245 |
_aLearning english : _bprimary 6 / _cTan Cheng Lim. |
||
| 260 |
_aSingapore : _bSingapore Asian Publications, _c2002. |
||
| 300 |
_a143 p. : _bill. ; _c26 cm. |
||
| 650 |
_aEnglish language _xStudy and teaching _921186 |
||
| 650 |
_aReviewer. _91244 |
||
| 942 |
_2lcc _cBK-GS |
||
| 999 |
_c11856 _d11856 |
||